The effect of arrangement on the successful use of library catalogs /

Saved in:
Bibliographic Details
Main Author: Krikelas, James, 1932-
Format: Thesis Book
Language:English
Published: 1967.
Subjects:
LEADER 01019ntm a2200265 a 4500
001 c000257811
003 CARM
005 00000000000000.0
008 850717s1967 ilu bm 000 0 eng d
019 1 |a 9710891  |5 LACONCORD2021 
035 |a (OCoLC)1081640  |5 LACONCORD2021 
082 0 4 |a 025.37 
100 1 |a Krikelas, James,  |d 1932- 
245 1 4 |a The effect of arrangement on the successful use of library catalogs /  |c by James Krikelas. 
260 |c 1967. 
300 |a 153 leaves. 
500 |a Typescript. 
504 |a Bibliography: leaves 125-128. 
533 |a Photocopy.  |b Ann Arbor, Mich. :  |c Xerox University Microfilms,  |d 1969. 
502 |a Thesis (Ph.D.) -- University of Illinois, 1967. 
650 0 |a Library catalogs and readers. 
650 0 |a Catalogs, Divided. 
852 8 |b CARM  |h A2:AQ10G0  |i C08510  |p 0321767  |f BK 
999 f f |i 42e71482-168e-5f70-a9b6-ce62520352a1  |s d86380c1-3180-5965-bf41-468c057ef127 
952 f f |p Can circulate  |a CAVAL  |b CAVAL  |c CAVAL  |d CARM 1 Store  |e C08510  |f A2:AQ10G0  |h Other scheme  |i unspecified  |m 0321767